<?xml version="1.0" encoding="UTF-8"?>
<record
    xmlns:xsi="http://www.w3.org/2001/XMLSchema-instance"
    xsi:schemaLocation="http://www.loc.gov/MARC21/slim http://www.loc.gov/standards/marcxml/schema/MARC21slim.xsd"
    xmlns="http://www.loc.gov/MARC21/slim">

  <leader>01138na  a2200277   4500</leader>
  <controlfield tag="001">15970</controlfield>
  <controlfield tag="003">MIRAKIL</controlfield>
  <controlfield tag="005">20181213154821.0</controlfield>
  <controlfield tag="008">170919b        tu            000 0      </controlfield>
  <datafield tag="035" ind1=" " ind2=" ">
    <subfield code="a">15970</subfield>
  </datafield>
  <datafield tag="040" ind1=" " ind2=" ">
    <subfield code="a">Milas</subfield>
    <subfield code="b">tur</subfield>
    <subfield code="c">TR-AnCHP</subfield>
  </datafield>
  <datafield tag="041" ind1=" " ind2=" ">
    <subfield code="a">tur</subfield>
  </datafield>
  <datafield tag="082" ind1=" " ind2=" ">
    <subfield code="a">CHP 324.2172 Ecevit, B.</subfield>
    <subfield code="b">E13e 1976</subfield>
  </datafield>
  <datafield tag="090" ind1=" " ind2=" ">
    <subfield code="a">CHP 324.2172 Ecevit,B. E13e 1976</subfield>
  </datafield>
  <datafield tag="100" ind1=" " ind2=" ">
    <subfield code="a">Ecevit, B&#xFC;lent</subfield>
    <subfield code="d">1925-2006</subfield>
  </datafield>
  <datafield tag="245" ind1=" " ind2=" ">
    <subfield code="a">Ecevit'in a&#xE7;&#x131;klamalar&#x131;</subfield>
    <subfield code="c">B&#xFC;lent Ecevit , foto&#x11F;raflayan L&#xFC;tfi &#xD6;zk&#xF6;k</subfield>
  </datafield>
  <datafield tag="260" ind1=" " ind2=" ">
    <subfield code="a">Ankara</subfield>
    <subfield code="b">[yayl. y.]</subfield>
    <subfield code="c">1976</subfield>
    <subfield code="f">Ajans-T&#xFC;rk Matbaas&#x131;</subfield>
  </datafield>
  <datafield tag="300" ind1=" " ind2=" ">
    <subfield code="a">116 s.</subfield>
    <subfield code="c">20 sm.</subfield>
  </datafield>
  <datafield tag="500" ind1=" " ind2=" ">
    <subfield code="a">Bu kitap cumhuriyet halk partisi genel ba&#x15F;kan&#x131; B&#xFC;lent Ecevit'in milliyet ve politika gazeteleriyle yapt&#x131;&#x11F;&#x131; g&#xF6;r&#xFC;&#x15F;meler, h&#xFC;rriyet ve milliyet gazetelerine deme&#xE7;leri ve ege sorununa ili&#x15F;kin bas&#x131;n toplant&#x131;s&#x131; metni yer alm&#x131;&#x15F;t&#x131;r.</subfield>
  </datafield>
  <datafield tag="600" ind1=" " ind2=" ">
    <subfield code="a">Ecevit, B&#xFC;lent</subfield>
    <subfield code="c">CHP Genel Ba&#x15F;kan&#x131;</subfield>
    <subfield code="x">S&#xF6;ylev ve deme&#xE7;ler</subfield>
  </datafield>
  <datafield tag="610" ind1=" " ind2=" ">
    <subfield code="a">CHP</subfield>
    <subfield code="x">&#x130;&#xE7; Siyaset</subfield>
    <subfield code="y">G&#xF6;r&#xFC;&#x15F;ler</subfield>
  </datafield>
  <datafield tag="610" ind1=" " ind2=" ">
    <subfield code="a">CHP</subfield>
    <subfield code="x">D&#x131;&#x15F; siyaset</subfield>
    <subfield code="y">G&#xF6;r&#xFC;&#x15F;ler</subfield>
  </datafield>
  <datafield tag="610" ind1=" " ind2=" ">
    <subfield code="a">CHP</subfield>
    <subfield code="x">Ekonomik durum</subfield>
    <subfield code="y">G&#xF6;r&#xFC;&#x15F;ler</subfield>
  </datafield>
  <datafield tag="610" ind1=" " ind2=" ">
    <subfield code="a">CHP</subfield>
    <subfield code="x">Parti &#xE7;al&#x131;&#x15F;malar&#x131;</subfield>
    <subfield code="y">G&#xF6;r&#xFC;&#x15F;ler</subfield>
  </datafield>
  <datafield tag="942" ind1=" " ind2=" ">
    <subfield code="2">dcc</subfield>
    <subfield code="c">BKS</subfield>
  </datafield>
  <datafield tag="952" ind1=" " ind2=" ">
    <subfield code="a">0001</subfield>
    <subfield code="b">0001</subfield>
    <subfield code="d">2016-09-28</subfield>
    <subfield code="e">2</subfield>
    <subfield code="l">1</subfield>
    <subfield code="o">CHP 324.2172 Ecevit,B. E13e 1976</subfield>
    <subfield code="p">004605</subfield>
    <subfield code="r">2022-03-28 00:00:00</subfield>
    <subfield code="s">2022-03-10</subfield>
    <subfield code="v">0.00</subfield>
    <subfield code="w">2016-09-28</subfield>
    <subfield code="y">BKS</subfield>
  </datafield>
  <datafield tag="952" ind1=" " ind2=" ">
    <subfield code="a">0001</subfield>
    <subfield code="b">0001</subfield>
    <subfield code="d">2016-09-28</subfield>
    <subfield code="e">2</subfield>
    <subfield code="l">0</subfield>
    <subfield code="o">CHP 324.2172 Ecevit,B. E13e 1976</subfield>
    <subfield code="p">004606</subfield>
    <subfield code="r">2016-09-28 00:00:00</subfield>
    <subfield code="t">k.2</subfield>
    <subfield code="v">0.00</subfield>
    <subfield code="w">2016-09-28</subfield>
    <subfield code="y">BKS</subfield>
  </datafield>
  <datafield tag="999" ind1=" " ind2=" ">
    <subfield code="c">1380</subfield>
    <subfield code="d">1380</subfield>
  </datafield>
</record>
